ARRUPE JESUIT UNIVERSITY

CORONAVIRUS -STOP THE SPREAD - CLEAN,DISINFECT,COVER

War and religion (Record no. 10633)

MARC details
000 -LEADER
fixed length control field 00472nam a2200181Ia 4500
003 - CONTROL NUMBER IDENTIFIER
control field 0100
005 - DATE AND TIME OF LATEST TRANSACTION
control field 20170301085817.0
008 - FIXED-LENGTH DATA ELEMENTS--GENERAL INFORMATION
fixed length control field 130303s9999 xx 000 0 und d
040 ## - CATALOGING SOURCE
Transcribing agency ARRUPELIB
050 ## - LIBRARY OF CONGRESS CALL NUMBER
Classification number BR1533.P3D731998
100 ## - MAIN ENTRY--PERSONAL NAME
Personal name Vesna Drapac
9 (RLIN) 29156
245 ## - TITLE STATEMENT
Title War and religion
245 ## - TITLE STATEMENT
Remainder of title Catholics in the churches of occupied Paris
260 ## - PUBLICATION, DISTRIBUTION, ETC. (IMPRINT)
Place of publication, distribution, etc Washington D.C.
260 ## - PUBLICATION, DISTRIBUTION, ETC. (IMPRINT)
Name of publisher, distributor, etc The Catholic University of America Press
300 ## - PHYSICAL DESCRIPTION
Extent 302p.23cm
650 ## - SUBJECT ADDED ENTRY--TOPICAL TERM
Topical term or geographic name as entry element Catholic Church
General subdivision History
Geographic subdivision France, Paris
9 (RLIN) 29157
650 ## - SUBJECT ADDED ENTRY--TOPICAL TERM
Topical term or geographic name as entry element Paris (France)
General subdivision History
Chronological subdivision 1940-1944
9 (RLIN) 29158
650 ## - SUBJECT ADDED ENTRY--TOPICAL TERM
Topical term or geographic name as entry element Paris(France)
General subdivision Church history
Chronological subdivision 20th century
9 (RLIN) 29159
700 ## - ADDED ENTRY--PERSONAL NAME
Personal name Vesna Drapac
9 (RLIN) 29156
942 ## - ADDED ENTRY ELEMENTS (KOHA)
Source of classification or shelving scheme Library of Congress Classification
Koha item type Monograph ( Printed materials)
Holdings
Withdrawn status Lost status Source of classification or shelving scheme Damaged status Not for loan Collection code Home library Current library Date acquired Total Checkouts Full call number Barcode Date last seen Copy number Price effective from Koha item type
    Library of Congress Classification     Main Collection ARRUPE LIBRARY ARRUPE LIBRARY 04/03/2013   BR1533.P3D731998 46500008940 04/03/2013 1 04/03/2013 Monograph ( Printed materials)

 

Arrupe Library. PO Box MP320 Mt Pleasant, Harare, Zimbabwe
263 242 745411|librarian@aju.ac.zw